MARC details
| 000 -CABECERA |
| campo de control de longitud fija |
01119nam a2200313 a 4500 |
| 001 - NÚMERO DE CONTROL |
| campo de control |
000024579 |
| 005 - FECHA Y HORA DE LA ÚLTIMA TRANSACCIÓN |
| campo de control |
20260114124842.0 |
| 008 - DATOS DE LONGITUD FIJA--INFORMACIÓN GENERAL |
| campo de control de longitud fija |
110131s1992 sp r 000 | spa d |
| 020 ## - NÚMERO INTERNACIONAL ESTÁNDAR DEL LIBRO |
| Número Internacional Estándar del Libro |
848661502X |
| 040 ## - FUENTE DE LA CATALOGACIÓN |
| Centro catalogador/agencia de origen |
DO-SdBNP |
| Lengua de catalogación |
spa |
| Centro/agencia transcriptor |
BNPHU |
| 041 17 - CÓDIGO DE LENGUA |
| Código de lengua del texto/banda sonora o título independiente |
eng |
| Código de lengua original |
spa |
| Fuente del código |
MARC21 |
| 082 ## - NÚMERO DE LA CLASIFICACIÓN DECIMAL DEWEY |
| Número de clasificación |
294.3923 |
| Número de documento/Ítem |
M478a, 1995 |
| 049 ## - FONDOS LOCALES (OCLC) |
| Fondos de biblioteca |
BNGR |
| 100 1# - ENTRADA PRINCIPAL--NOMBRE DE PERSONA |
| Nombre de persona |
McDonald, Kathleen, |
| Fechas asociadas al nombre |
1952- |
| 9 (RLIN) |
50403 |
| 240 10 - TÍTULO UNIFORME |
| Título uniforme |
How to meditate. A practical guide. |
| Lenguaje de la obra |
Español |
| 245 14 - MENCIÓN DE TÍTULO |
| Título |
Aprendiendo de los lamas : |
| Resto del título |
una guía práctica para la meditación / |
| Mención de responsabilidad, etc. |
Kathleen McDonald; traducción Basili Llorca Martínez; ilustración Robert Beer. |
| 250 ## - MENCIÓN DE EDICIÓN |
| Mención de edición |
3a ed. |
| 260 ## - PUBLICACIÓN, DISTRIBUCIÓN, ETC. |
| Lugar de publicación, distribución, etc. |
España : |
| Nombre del editor, distribuidor, etc. |
Ediciones Dharma , |
| Fecha de publicación, distribución, etc. |
1992. |
| 300 ## - DESCRIPCIÓN FÍSICA |
| Extensión |
244 p. : |
| Otras características físicas |
il. ; |
| Dimensiones |
21 cm. |
| 490 1# - MENCIÓN DE SERIE |
| Mención de serie |
Tesoros del Budismo Tibetano. |
| 534 ## - NOTA SOBRE LA VERSIÓN ORIGINAL |
| Encabezamiento principal del original |
Título original : |
| Mención de título del original |
How to meditate. A practical guide |
| 650 #4 - PUNTO DE ACCESO ADICIONAL DE MATERIA--TÉRMINO DE MATERIA |
| Término de materia o nombre geográfico como elemento de entrada |
Lamaismo |
| 9 (RLIN) |
50404 |
| 650 #4 - PUNTO DE ACCESO ADICIONAL DE MATERIA--TÉRMINO DE MATERIA |
| Término de materia o nombre geográfico como elemento de entrada |
Budismo |
| 9 (RLIN) |
3429 |
| 650 #4 - PUNTO DE ACCESO ADICIONAL DE MATERIA--TÉRMINO DE MATERIA |
| Término de materia o nombre geográfico como elemento de entrada |
Pensamiento religioso |
| 9 (RLIN) |
50405 |
| 650 #0 - PUNTO DE ACCESO ADICIONAL DE MATERIA--TÉRMINO DE MATERIA |
| Término de materia o nombre geográfico como elemento de entrada |
Meditaciones |
| 9 (RLIN) |
5988 |
| 700 1# - PUNTO DE ACCESO ADICIONAL--NOMBRE DE PERSONA |
| Nombre de persona |
Llorca Martínez, Basili |
| Término indicativo de función/relación |
tr. |
| 9 (RLIN) |
50406 |
| 700 1# - PUNTO DE ACCESO ADICIONAL--NOMBRE DE PERSONA |
| Nombre de persona |
Beer, Robert |
| Término indicativo de función/relación |
il. |
| 9 (RLIN) |
50407 |
| 830 #0 - PUNTO DE ACCESO ADICIONAL DE SERIE-TÍTULO UNIFORME |
| Título uniforme |
Tesoros del Budismo Tibetano. |
| 9 (RLIN) |
50408 |